000 01660nam a2200409Ia 4500
001 ebr10539150
003 CaPaEBR
006 m u
007 cr cn|||||||||
008 110620s2011 gau sb 001 0deng d
010 _z 2011024690
020 _z0881462632
020 _z9780881462630
020 _z9780881463484
040 _aCaPaEBR
_cCaPaEBR
035 _a(OCoLC)787846148
050 1 4 _aPS3565.C57
_bZ859 2011eb
100 1 _aSharp, Jolly Kay,
_d1954-
245 1 0 _a"Between the house and the chicken yard"
_h[electronic resource] :
_bthe masks of Mary Flannery O'Connor /
_cJolly Kay Sharp.
246 3 _aMasks of Mary Flannery O'Connor
250 _a1st ed.
260 _aMacon, GA :
_bMercer University Press,
_cc2011.
300 _a176 p.
504 _aIncludes bibliographical references (p. [167]-170) and index.
533 _aElectronic reproduction.
_bPalo Alto, Calif. :
_cebrary,
_d2011.
_nAvailable via World Wide Web.
_nAccess may be limited to ebrary affiliated libraries.
600 1 0 _aO'Connor, Flannery
_xCriticism and interpretation.
600 1 0 _aO'Connor, Flannery
_xKnowledge
_xPsychology.
600 1 0 _aO'Connor, Flannery
_xKnowledge
_xSouthern States.
650 0 _aCharacters and characteristics in literature.
650 0 _aSelf-presentation in literature.
650 0 _aSelf-disclosure in literature.
650 0 _aSelf-perception in authors.
651 0 _aSouthern States
_xIn literature.
655 7 _aElectronic books.
_2local
710 2 _aebrary, Inc.
856 4 0 _uhttp://site.ebrary.com/lib/rucke/Doc?id=10539150
_zAn electronic book accessible through the World Wide Web; click to view
999 _c246008
_d246008